000 01409nam a2200241 a 4500
001 000047723
005 20260129125203.0
008 081117s2015 dr l o001 0 spa d
040 _aDO-SdBNP
_bspa
_cBNPHU
082 _a344.729302
_bR426regl, 2015
110 1 _aRepública Dominicana.
_9447
240 1 0 _a[Reglamentos, etc.]
245 1 0 _aReglamento internacional del Consejo Nacional de Deseguridad Social :
_bmodificado mediante resolución del CNSS no. 295-01 d/f 21/06/12, decreto no. 400-12 d/f 28/07/12.
260 _aSanto Domingo :
_bCNSS,
_c2015.
300 _a83 p. ;
_c22 cm.
505 0 _aIntroducción --
_tDiposiciones generales --
_tLos miembros del CNSS --
_tProceso selección miembros CNSS --
_tFuncionamiento Sesiones CNSS --
_tValidez y entrada en vigencia de las decisiones del CNSS --
_tDe las comisiones técnica del CNSS --
_tDe los funcionarios del CNSS --
_tInstituciones espacializadas del SDSS --
_tSelección y ratificación de los funcionarios responsables de las instituciones especializadas del SDSS
590 _aInventariado, 2018/VM
610 2 0 _aConsejo Nacional de Seguridad Social (República Dominicana)
_963839
650 4 _aSeguridad social
_xLegislación
_zRepública Dominicana
_914351
650 0 _aLegislación social
_91149
650 4 _aPolítica social
_zRepública Dominicana
_911024
710 2 _aConsejo Nacional de Seguridad Social (República Dominicana)
_963839
999 _c47211
_d47211